Normal view
MARC view
Entry Personal Name
001 - CONTROL NUMBER
- control field: 50684
003 - CONTROL NUMBER IDENTIFIER
- control field: ARRUPE
005 - DATE AND TIME OF LATEST TRANSACTION
- control field: 20211027094426.0
008 - FIXED-LENGTH DATA ELEMENTS
- fixed length control field: 211027|| aca||aabn | a|a d
040 ## - CATALOGING SOURCE
- Original cataloging agency: ARRUPE
- Transcribing agency: ARRUPE
100 ## - HEADING--PERSONAL NAME
- Personal name: Fan, Shelly
670 ## - SOURCE DATA FOUND
- Source citation: Work cat.: (ARRUPE)0: Fan, Shelly, author., Will AI replace us? :, 2019